000 01331 a2200241 4500
005 20080909165435.0
008 080909t xxu||||| |||| 00| 0 hin d
010 _aHIN-79359-60
020 _a8189000845
_c575.00
020 _a8189000853
_c575.00
020 _a8189000837 (set)
_c1150.00 (set )
035 _aHN-51705-06
082 _a320.50954
100 _aत्यागी, पी.के.
245 _aभारतीय राजनीतिक विचारक
_cपी.के.त्यागी
246 _aBhartiya Rajneetik Vicharak
_bby P.K.Tyagi
260 _aनई दिल्ली
_bविश्वभारती पब्लिकेशन्स
_c2006
300 _aभा-1(320पृ:321-642पृ)
_c22 सेमी (सजिल्द)
490 _v2भाग
942 _adpl
_cHN
_k320.50954 / त्यागीपी
_2ddc
_h320.50954
_mत्यागीपी
999 _c1620
_d1620